00974nam a2200217 a 4500001001000000003000500010005001700015008004100032010001100073011001100084040000900095245041900104260004900523300001000572650003200582650002300614650003300637650002900670650003000699650002700729000109942CHAP20220329144110.0140611s2012 mx |r| |||||||spa d a106404 a107376 cCHAP00aHacia una agenda nacional en ciencia, tecnología e innovación :bobjetivo estratégico para una política de Estado 2012-2018: hacer del conocimiento y la innovación una palanca fundamental para el crecimiento económico sustentable de México, que favorezca el desarrollo humano, posibilite una mayor justicia social, consolide la democracia y la paz, y fortalezca la soberanía nacional /cpor [UNAM]. aCiudad Universitaria, D.F. :b[s.n.],c2012. a44 p.14aCiencia y EstadoxMéxico.14aDesarrollo humano.14aInnovaciones tecnológicas.14aPolítica científica.14aPolítica tecnológica.14aTecnología y Estado.